<?xml version="1.0" encoding="UTF-8"?>
<record
    xmlns:xsi="http://www.w3.org/2001/XMLSchema-instance"
    xsi:schemaLocation="http://www.loc.gov/MARC21/slim http://www.loc.gov/standards/marcxml/schema/MARC21slim.xsd"
    xmlns="http://www.loc.gov/MARC21/slim">

  <leader>01942nam a22001697a 4500</leader>
  <controlfield tag="008">190828b        xxu||||| |||| 00| 0 eng d</controlfield>
  <datafield tag="020" ind1=" " ind2=" ">
    <subfield code="a">9781844800001</subfield>
  </datafield>
  <datafield tag="050" ind1=" " ind2=" ">
    <subfield code="a">HF5414.M67</subfield>
  </datafield>
  <datafield tag="100" ind1=" " ind2=" ">
    <subfield code="a">Moutinho, Luiz.</subfield>
  </datafield>
  <datafield tag="245" ind1=" " ind2=" ">
    <subfield code="a">Strategic marketing management: a business process approach. /</subfield>
    <subfield code="c">Luiz moutinho and Geoff Southern.</subfield>
  </datafield>
  <datafield tag="260" ind1=" " ind2=" ">
    <subfield code="a">Hampshire :</subfield>
    <subfield code="b">Cengage Learning EMEA,</subfield>
    <subfield code="c">2010.</subfield>
  </datafield>
  <datafield tag="300" ind1=" " ind2=" ">
    <subfield code="a">xxii, 490 p. :</subfield>
    <subfield code="b">ill. ;</subfield>
    <subfield code="c">26 cm.</subfield>
  </datafield>
  <datafield tag="500" ind1=" " ind2=" ">
    <subfield code="a">Includes index.</subfield>
  </datafield>
  <datafield tag="505" ind1=" " ind2=" ">
    <subfield code="a">Contents: Part 1: Introduction to marketing business processes: marketing and process-based management -- Customer-focused management -- Part 2: Future-predicting processes (scenario building and forecasting): Environmental scanning and strategy -- Demand management (market and technology forecasting) -- Part 3: data management processes: Corporate structure, network and knowledge management --  Strategic information systems -- Marketing measurements and analysis -- Part 4: Keeping existing customer processes (order fulfilment): Market value chain management -- Customer relationship management and marketing insights -- Operations and marketing programming -- Distribution product category management and new delivery channels -- Part 5: Getting new customer processes (order acquisition): Marketing and resource allocation in financial management -- Reputation management: corporate image and communication -- Innovation management: market timing and solution planning -- Part 6: Organizational development and co-ordination (infrastructure processes): Solutions design: Strategic planning effectiveness: performance measurement -- Marketing and its implications for financial management -- Strategic brand management -- Managing the marketing and e-banking interface -- Cross-boundary and global (international) management: some considerations on recent events -- Part 7: The future: Future trends in marketing </subfield>
  </datafield>
  <datafield tag="700" ind1=" " ind2=" ">
    <subfield code="a">Southern, Geoff.</subfield>
  </datafield>
  <datafield tag="942" ind1=" " ind2=" ">
    <subfield code="2">lcc</subfield>
    <subfield code="c">BK</subfield>
  </datafield>
  <datafield tag="999" ind1=" " ind2=" ">
    <subfield code="c">6921</subfield>
    <subfield code="d">14421</subfield>
  </datafield>
  <datafield tag="952" ind1=" " ind2=" ">
    <subfield code="0">0</subfield>
    <subfield code="1">0</subfield>
    <subfield code="2">lcc</subfield>
    <subfield code="4">0</subfield>
    <subfield code="7">0</subfield>
    <subfield code="a">WIUC-1</subfield>
    <subfield code="b">WIUC-1</subfield>
    <subfield code="c">REF</subfield>
    <subfield code="d">2019-08-28</subfield>
    <subfield code="l">0</subfield>
    <subfield code="o">HF5414.M67</subfield>
    <subfield code="p">8508/102/19</subfield>
    <subfield code="r">2019-08-28 00:00:00</subfield>
    <subfield code="t">1</subfield>
    <subfield code="w">2019-08-28</subfield>
    <subfield code="y">BK</subfield>
  </datafield>
  <datafield tag="952" ind1=" " ind2=" ">
    <subfield code="0">0</subfield>
    <subfield code="1">0</subfield>
    <subfield code="2">lcc</subfield>
    <subfield code="4">0</subfield>
    <subfield code="7">0</subfield>
    <subfield code="a">WIUC-KL</subfield>
    <subfield code="b">WIUC-KL</subfield>
    <subfield code="c">GEN</subfield>
    <subfield code="d">2019-11-06</subfield>
    <subfield code="o">HF5414.M67</subfield>
    <subfield code="p">K/1430/1430/19</subfield>
    <subfield code="r">2021-11-23 00:00:00</subfield>
    <subfield code="t">1</subfield>
    <subfield code="w">2019-08-28</subfield>
    <subfield code="y">BK</subfield>
  </datafield>
  <datafield tag="952" ind1=" " ind2=" ">
    <subfield code="0">0</subfield>
    <subfield code="1">0</subfield>
    <subfield code="2">lcc</subfield>
    <subfield code="4">0</subfield>
    <subfield code="7">0</subfield>
    <subfield code="a">WIUC-KL</subfield>
    <subfield code="b">WIUC-KL</subfield>
    <subfield code="c">GEN</subfield>
    <subfield code="d">2019-11-06</subfield>
    <subfield code="o">HF5414.M671</subfield>
    <subfield code="p">K/1431/1431/19</subfield>
    <subfield code="r">2021-11-23 00:00:00</subfield>
    <subfield code="t">2</subfield>
    <subfield code="w">2019-08-28</subfield>
    <subfield code="y">BK</subfield>
  </datafield>
</record>
